aadikavi valmeeki (Record no. 1397579)

MARC details
000 -LEADER
fixed length control field 00592nam a2200217Ia 4500
005 - DATE AND TIME OF LATEST TRANSACTION
control field 20250508165816.0
008 - FIXED-LENGTH DATA ELEMENTS--GENERAL INFORMATION
fixed length control field 008 250505s9999 xx 000 0 hin d
020 ## - INTERNATIONAL STANDARD BOOK NUMBER
International Standard Book Number 81-902763-7-9
037 ## - SOURCE OF ACQUISITION
Stock number Textual
040 ## - CATALOGING SOURCE
Original cataloging agency FEDL
Language of cataloging eng
Transcribing agency FEDL
041 ## - LANGUAGE CODE
Language code of text/sound track or separate title hin
Source of code eng
084 ## - COLON CLASSIFICATION NUMBER
Classification number 891.2, TRI
Assigning agency FEDL
100 ## - MAIN ENTRY--PERSONAL NAME
Personal name Tripathi Radhavallabh
245 #0 - TITLE STATEMENT
Title aadikavi valmeeki
260 ## - PUBLICATION, DISTRIBUTION, ETC.
Place of publication, distribution, etc. Madhya Pradesh, India
Name of publisher, distributor, etc. Sanskrit Parishad
Date of publication, distribution, etc. 1981
300 ## - PHYSICAL DESCRIPTION
Extent 112p.
365 ## - TRADE PRICE
Price type code INR
Price amount 25
546 ## - LANGUAGE NOTE
Language note Gifted by Prof. Krishna Kumar
942 ## - ADDED ENTRY ELEMENTS (KOHA)
Koha item type Textual
Classification part 891.2, TRI
Holdings
Withdrawn status Lost status Damaged status Not for loan Home library Current library Date acquired Cost, normal purchase price Total Checkouts Full call number Barcode Date last seen Price effective from Koha item type
        Department of Education Library Department of Education Library 2025-05-08 25.00   891.2, TRI EL0091236 2025-05-08 2025-05-08 Textual
Copyright @ Delhi University Library System